Friends forever

Bibliographic Details
Main Author: Chapman, Linda
Format: Book
Published: England : Puffin Books , 2006
Series:My secret unicorn
Subjects:

MARC

LEADER 00000cam a2200000 7i4500
001 0000010816
005 20151222.0
008 071031
020 |a 0141320249 
090 0 0 |a JF   |b FT ENG (7330) 
100 1 |a Chapman, Linda 
245 1 0 |a Friends forever   |c Linda Chapman 
260 |a England :   |b Puffin Books ,   |c 2006 
440 |a My secret unicorn 
500 |a Children ages 7-9 years old (orange) 
650 0 |a Fairy tales   |x Fiction 
650 0 |a Novel 
999 |a 0000999792   |b Book   |c Children Collection   |e Perbadanan Perpustakaan Awam Johor 
999 |a 0000999793   |b Book   |c Children Collection   |e Perbadanan Perpustakaan Awam Johor 
999 |a 0000999794   |b Book   |c Children Collection   |e Perbadanan Perpustakaan Awam Johor